Entre pupitres y pizarrones : (Record no. 174042)
[ view plain ]
| 000 -CABECERA | |
|---|---|
| campo de control de longitud fija | 01719nab a2200277 a 4500 |
| 005 - FECHA Y HORA DE LA ÚLTIMA TRANSACCIÓN | |
| campo de control | 20210219162318.0 |
| 008 - ELEMENTOS DE LONGITUD FIJA--INFORMACIÓN GENERAL | |
| campo de control de longitud fija | 991125s1985 mx 000 0 spa u |
| 035 ## - NÚMERO DE CONTROL DEL SISTEMA | |
| Número de control de sistema | UPN01000201941 |
| 049 ## - COLECCIÓN | |
| Colección | ART |
| 100 1# - ASIENTO PRINCIPAL--NOMBRE PERSONAL | |
| Nombre de persona | Rigo, Daiana Yamila |
| 100 1# - ASIENTO PRINCIPAL--NOMBRE PERSONAL | |
| Filiación | dyrigo@hum.unrc.edu.ar |
| 100 1# - ASIENTO PRINCIPAL--NOMBRE PERSONAL | |
| Nombre de persona | Donolo, Danilo Silvio |
| 100 1# - ASIENTO PRINCIPAL--NOMBRE PERSONAL | |
| Filiación | donolo@hum.unrc.edu.ar |
| 222 #0 - TÍTULO CLAVE | |
| Título clave | EDUCATIO SIGLO XXI : REVISTA DE LA FACULTAD DE EDUCACION |
| 245 00 - MENCIÓN DE TÍTULO | |
| Título | Entre pupitres y pizarrones : |
| Resto del título | retos en educación primaria : el aprendizaje con compromiso |
| 260 ## - PUBLICACIÓN, DISTRIBUCIÓN, ETC. | |
| Lugar de publicación, distribución, etc. | Murcia, España |
| 300 ## - DESCRIPCIÓN FÍSICA | |
| Extensión | 59-80 |
| 362 0# - FECHAS DE PUBLICACIÓN Y/O DESIGNACIÓN SECUENCIAL | |
| Fecha de publicación y/o designación secuencial | 2014 Volumen 32, número 2, julio |
| 520 3# - NOTA DE RESUMEN, ETC. | |
| Sumario, etc. | El presente trabajo tiene como objetivo profundizar en desarrollos teóricos y empíricos sobre compromiso en el aula. En la primera parte, se presentan consideraciones conceptuales actuales sobre implicación conductual y afectiva hacia el aprendizaje académico. Luego, se expone un estudio llevado a cabo en una escuela primaria de Argentina con alumnos de sexto grado -segundo ciclo-, con el objetivo de describir el compromiso observado y auto-percibido en relación con el rendimiento académico y rasgos del contexto instructivo. Los resultados hallados muestran relaciones entre alto rendimiento, niveles elevados de compromiso hacia el aprendizaje y percepción del entorno áulico orientado a la autonomía, curiosidad, desafío y evaluación formativa. Por último, se presentan algunas orientaciones para promover la responsabilidad en el aula |
| 653 0# - TERMINO DE INDIZACION - NO CONTROLADO | |
| Término no controlado | COMPROMISO |
| 653 0# - TERMINO DE INDIZACION - NO CONTROLADO | |
| Término no controlado | RENDIMIENTO ACADEMICO |
| 653 0# - TERMINO DE INDIZACION - NO CONTROLADO | |
| Término no controlado | EDUCACION PRIMARIA |
| 653 0# - TERMINO DE INDIZACION - NO CONTROLADO | |
| Término no controlado | APRENDIZAJE |
| 856 4# - LOCALIZACIÓN Y ACCESO ELECTRÓNICOS | |
| Identificador Uniforme del Recurso | <a href="http://revistas.um.es/educatio/article/view/202161">http://revistas.um.es/educatio/article/view/202161</a> |
| 905 ## - TIPO DE MATERIAL | |
| Tipo de material | Articulo |
No items available.
